| 000 | 01121nam a22002057a 4500 | ||
|---|---|---|---|
| 999 |
_c58663 _d58663 |
||
| 003 | Ge_BSU | ||
| 005 | 20220623134343.0 | ||
| 008 | 220623s2020 ge ||||| |||| 00| 0 geo d | ||
| 020 | _a9789941266676 | ||
| 041 | _ageo | ||
| 080 | _a94(4)"05/18"(075.8) ბ-45 | ||
| 100 |
_aბელთაძე-ხინიკაძე, იზოლდა _91713 |
||
| 245 |
_aშუა საუკუნეების ისტორია : _b(V-XVII საუკუნის პირველი ნახევარი) : დამხმარე სახელმძღვანელო / _cიზოლდა ბელთაძე-ხინიკაძე ; რედაქტორი გ. კუტალია. |
||
| 264 |
_aთბილისი : _bუნივერსალი, _c2020. |
||
| 300 |
_a502 გვ. : _bრუკ. ; _c20 სმ. |
||
| 504 | _aბიბლიოგრაფია: გვ. 489-499. | ||
| 653 | _aევროპის შუა საუკუნეების ისტორია | ||
| 700 |
_aკუტალია, გ. _eრედაქტორი _914210 |
||
| 942 |
_2udc _cBK |
||